Obras completas y algo más
Đã lưu trong:
| Tác giả chính: | |
|---|---|
| Định dạng: | Sách |
| Ngôn ngữ: | Tiếng Tây Ban Nha |
| Được phát hành: |
Santiago
Círculo de Lectores
1990
|
| Phiên bản: | 1a. ed |
| Những chủ đề: | |
| Các nhãn: |
Thêm thẻ
Không có thẻ, Là người đầu tiên thẻ bản ghi này!
|
MARC
| LEADER | 00000nam a2200000 a 4500 | ||
|---|---|---|---|
| 001 | UCG2959 | ||
| 003 | CL-VaPUC | ||
| 008 | 100805e19900000CL |||||||||||||||||spa|d | ||
| 020 | |a 9587094816 | ||
| 082 | 0 | 4 | |a 860 |b PAR |2 21 |
| 100 | |a Parra, Nicanor |q (Parra Sandoval, Nicanor) |e autor |9 310550 | ||
| 245 | 1 | 0 | |a Obras completas y algo más |
| 250 | |a 1a. ed | ||
| 300 | |a 2 v | ||
| 942 | |c BK | ||
| 945 | |d 20100805 00:00:00 |a cmena | ||
| 260 | |a Santiago |b Círculo de Lectores |c 1990 | ||
| 500 | |a v.1: De "Gato en el camino" a "Artefactos", 1935-1972 | ||
| 650 | 0 | |a Poesías chilenas |9 265280 | |
| 650 | 0 | |a Antipoesías |9 551664 | |
| 650 | 0 | |a Literatura chilena |9 308278 | |
| 583 | |a last modification |c 20130327 12:53:38 |k Rodrigo Vera | ||
| 999 | |c 342061 |d 342059 | ||
| 952 | |0 0 |1 0 |4 0 |6 860_000000000000000_PAR_1990 |7 0 |8 C |9 438011 |a BIBCUR |b BIBCUR |d 2019-11-22 |h v.1 |i 4670647 |l 3 |m 1 |o 860 PAR 1990 |p 4670647 |r 2025-04-22 |s 2024-11-29 |w 2019-11-22 |y BK |k CAC | ||
| 952 | |0 0 |1 0 |4 0 |6 860_000000000000000_PAR_1990 |7 0 |8 A |9 438012 |a BIBING |b BIBING |d 2019-11-22 |h v.1 |i 4873424 |o 860 PAR 1990 |p 4873424 |r 2025-01-20 |w 2019-11-22 |y BK |k CUI | ||
| 952 | |0 0 |1 0 |4 0 |6 860_000000000000000_PAR_1990 |7 0 |8 A |9 438013 |a BIBING |b BIBING |d 2019-11-22 |h v.2 |i 4874862 |o 860 PAR 1990 |p 4874862 |r 2025-01-20 |w 2019-11-22 |y BK |k CUI | ||